000 00847nam a2200241Ia 4500
999 _c65318
_d65318
005 20240530110818.0
008 140319s2007 au a f b 000 0 ara d
017 _a2006/16832
_bمصر. دار الكتب
020 _a977515999x
040 _aGCL /
_cGCL
082 0 4 _221
_a722.7 /
_bع ع
100 0 _aعبير قاسم
245 1 2 _aالعمارة الرومانية :
_bبين الواقع والخيال /
_cعبير قاسم
250 _aط.1
260 _aالقاهرة :
_bالمكتب الجامعى الحديث ،
_c2007 .
300 _a366 ص. :
_bايض. ؛
_c24 سم. +
_eصور
650 0 7 _aالعمارة
_2qrmak
650 0 7 _aالعمارة الرومانية
_2qrmak
650 0 7 _aالعمارة الاسلامية
_2qrmak
651 _2qrmak
942 _2ddc
_cBK